General Knowledge #15 - Statistics

General Stats
  • This quiz has been taken 44 times
  • The average score is 10 of 15
Answer Stats
Question Answer % Correct
What is the largest hot desert in the world? Sahara
100%
What is the currency of Japan? Yen
92%
What is the largest land animal? Elephant
89%
Who founded Microsoft? Bill Gates
86%
France used the ________ to execute people until 1977 Guillotine
86%
What is the largest coral reef system in the world? Great Barrier Reef
81%
The sum of two odd numbers will always be ____? Even
76%
What is the national sport of Canada? Hockey
76%
Earth’s continents were once connected by a supercontinent called? Pangaea
62%
Which bodily system is responsible for taking in oxygen and removing carbon dioxide? Respiratory
43%
Which animal has the ability to regrow its tail? Lizard
38%
What degree in Fahrenheit does water boil? 212
35%
What substance gives hair, skin, and nails their color? Melanin
35%
Which U.S. president once killed someone during a duel? Andrew Jackson
30%
During what war did British troops set fire to the White House? War of 1812
30%
No matching quizzes found
Score Distribution
Percent of People with Each Score
Percentile by Number Answered
Your Score History
You have not taken this quiz